000
00294nam a22001337a 4500
008
181011b xxu||||| |||| 00| 0 eng d
020
_a
9789951430494
041
_a
eng
080
_a
330
100
_a
58
101
_a
BIZ
245
_a
Nga teoria në praktikë
_c
Mustafa,M
942
_2
udc
_c
BK
999
_c
49365
_d
49365